000 01265nam a22003737a 4500
003 CHAP
005 20220329135305.0
008 971013s1978 r 00010 d
010 _a33847
011 _a34819
035 _a38935
040 _cCHAP
090 _aTesis
100 0 0 _aMeléndez López, Lorenzo.
_974413
245 _aViabilidad de semilla de nogal encarcelado (Carya illinoensis (Wang) K. Koch) tratado con 4 temperaturas y sílice gel
260 _aChapingo, Méx. :
_bEl autor,
_c1978
300 _a82 h.
_b; gráfs
500 _a1c. en bodega
502 _aTesis (Ing. Agr. Esp. en Fitotecnia) -- ENA. Departamento de Fitotecnia
590 _aALEPH
_b10
_c20130110
_lUCH01
_h1258
590 _aBATCH-UPD
_b10
_c20130110
_lUCH01
_h2113
590 _aBATCH-UPD
_b10
_c20130410
_lUCH01
_h1424
590 _aBATCH-UPD
_b10
_c20130914
_lUCH01
_h1905
590 _aCONVERSION
_b10
_c20130109
_lUCH01
_h1319
650 1 4 _aPecán.
_986484
650 1 4 _aPecán
_xGerminación.
_986494
650 1 4 _aPecán
_xPropagación.
_986500
650 1 4 _aPecán
_xSemilla.
_986503
650 1 4 _aTemperatura
_xEfecto en pecan.
_9112218
901 _aBK
942 _cFOLL
949 _bBC
_cTES
_d-89007
_eTS1
_i38935
_si
949 _bBC
_cTES
_d-89008
_eTS2
_fc.2
_i38935
_si
999 _c33847
_d33847